Environmental impact of the smart grid; Язык и мировая культура: взгляд молодых исследователей; Ч. 2

التفاصيل البيبلوغرافية
Parent link:Язык и мировая культура: взгляд молодых исследователей: сборник материалов XIV Всероссийской научно-практической конференции, г. Томск, 26-28 апреля 2014 г./ Национальный исследовательский Томский политехнический университет (ТПУ) ; под ред. Н. А. Качалова.— , 2014
Ч. 2.— 2014.— [С. 157-160]
المؤلف الرئيسي: Trochshinsky V. V.
الملخص:Заглавие с титульного экрана
اللغة:الإنجليزية
منشور في: 2014
الموضوعات:
الوصول للمادة أونلاين:http://earchive.tpu.ru/handle/11683/20663
http://www.lib.tpu.ru/fulltext/c/2014/C89/V2/070.pdf
التنسيق: MixedMaterials الكتروني فصل الكتاب
KOHA link:https://koha.lib.tpu.ru/cgi-bin/koha/opac-detail.pl?biblionumber=612111

MARC

LEADER 00000naa2a2200000 4500
001 612111
005 20260420174458.0
035 |a (RuTPU)RU\TPU\conf\10203 
035 |a RU\TPU\conf\10202 
090 |a 612111 
100 |a 20150514d2014 k y0rusy50 ba 
101 0 |a eng 
102 |a RU 
135 |a drcn ---uucaa 
181 0 |a i  
182 0 |a b 
200 1 |a Environmental impact of the smart grid  |f V. V. Trochshinsky 
203 |a Текст  |c электронный 
300 |a Заглавие с титульного экрана 
320 |a [Библиогр.: с. 160 (4 назв.)] 
337 |a Adobe Reader 
461 1 |0 (RuTPU)RU\TPU\conf\9284  |t Язык и мировая культура: взгляд молодых исследователей  |o сборник материалов XIV Всероссийской научно-практической конференции, г. Томск, 26-28 апреля 2014 г.  |o в 2 ч.  |f Национальный исследовательский Томский политехнический университет (ТПУ) ; под ред. Н. А. Качалова  |d 2014 
463 1 |0 (RuTPU)RU\TPU\conf\9286  |t Ч. 2  |v [С. 157-160]  |d 2014 
610 1 |a труды учёных ТПУ 
610 1 |a электронный ресурс 
700 1 |a Trochshinsky  |b V. V. 
801 2 |a RU  |b 63413507  |c 20220225  |g RCR 
856 4 |u http://earchive.tpu.ru/handle/11683/20663 
856 4 |u http://www.lib.tpu.ru/fulltext/c/2014/C89/V2/070.pdf 
942 |c BK